MARC details
| 000 -LEADER |
| fixed length control field |
03419ngm a22005892i 4500 |
| 005 - DATE AND TIME OF LATEST TRANSACTION |
| control field |
20210412161949.0 |
| 007 - PHYSICAL DESCRIPTION FIXED FIELD--GENERAL INFORMATION |
| fixed length control field |
vd cvaizk |
| 008 - FIXED-LENGTH DATA ELEMENTS--GENERAL INFORMATION |
| fixed length control field |
210210s2021 300 ## v eng d |
| 020 ## - INTERNATIONAL STANDARD BOOK NUMBER |
| Terms of availability |
$29.99 |
| 024 1# - OTHER STANDARD IDENTIFIER |
| Standard number or code |
883929723171 |
| 040 ## - CATALOGING SOURCE |
| Language of cataloging |
eng |
| Description conventions |
rda |
| Modifying agency |
CTMMLL |
| 082 04 - DEWEY DECIMAL CLASSIFICATION NUMBER |
| Classification number |
508 |
| Edition number |
22 |
| 245 02 - TITLE STATEMENT |
| Title |
A Perfect Planet |
| Medium |
[videorecording]. |
| 264 #1 - Production, Publication, Distribution, Manufacture, and Copyright Notice. |
| Place of production, publication, distribution, manufacture |
[Burbank, California?] : |
| Name of producer, publisher, distributor, manufacturer |
[Warner Home Video], |
| Date of production, publication, distribution, manufacture, or copyr |
[2021] |
| 264 #2 - Production, Publication, Distribution, Manufacture, and Copyright Notice. |
| Place of production, publication, distribution, manufacture |
Old Saybrook, Connecticut : |
| Name of producer, publisher, distributor, manufacturer |
www.micromarketing.org |
| 300 ## - PHYSICAL DESCRIPTION |
| Extent |
[2 videodiscs (approximately 300 minutes)?] : |
| Other physical details |
sound, color; |
| Dimensions |
4 3/4 in. |
| 336 ## - Content Type |
| Content type term |
two-dimensional moving image |
| 337 ## - Media type |
| Media type term |
video |
| 338 ## - Carrier type |
| Carrier type term |
videodisc |
| 344 ## - |
| -- |
digital |
| -- |
optical |
| -- |
stereo |
| -- |
rda |
| 345 ## - |
| -- |
widescreen (1.78:1) |
| -- |
24 fps |
| -- |
rda. |
| 346 ## - |
| -- |
NTSC |
| -- |
rda |
| 347 ## - |
| -- |
video file |
| -- |
DVD video |
| -- |
region 1 |
| -- |
rda |
| 500 ## - GENERAL NOTE |
| General note |
Widescreen edition. |
| 500 ## - GENERAL NOTE |
| General note |
[Typographic symbols and accents removed for systems compatibility.] |
| 511 1# - PARTICIPANT OR PERFORMER NOTE |
| Participant or performer note |
Sir David Attenborough. |
| 520 ## - SUMMARY, ETC. |
| Summary, etc |
Planet Earth is perfect. It orbits at the perfect distance from the sun; it tilts at just the right angle, and it has a moon just large enough to hold it in place. On top of that, the day-to-day workings of the planet naturally serve to nurture its plants and animals. The five-part series will show how the forces of nature, weather, ocean currents, solar energy, and volcanoes, drive, shape, and support Earth's great diversity of life. |
| 521 8# - TARGET AUDIENCE NOTE |
| Target audience note |
Rating: [N/A]. |
| 538 ## - SYSTEM DETAILS NOTE |
| System details note |
DVD, color, widescreen, NTSC. |
| 546 ## - LANGUAGE NOTE |
| Language note |
English audio. |
| 650 #0 - SUBJECT ADDED ENTRY--TOPICAL TERM |
| Topical term or geographic name as entry element |
Habitat (Ecology) |
| -- |
http://id.loc.gov/authorities/subjects/sh85058159. |
| 650 #0 - SUBJECT ADDED ENTRY--TOPICAL TERM |
| Topical term or geographic name as entry element |
Biotic communities. |
| -- |
http://id.loc.gov/authorities/subjects/sh85014266. |
| 650 #0 - SUBJECT ADDED ENTRY--TOPICAL TERM |
| Topical term or geographic name as entry element |
Animals. |
| -- |
http://id.loc.gov/authorities/subjects/sh85005249. |
| 650 #0 - SUBJECT ADDED ENTRY--TOPICAL TERM |
| Topical term or geographic name as entry element |
Endangered species. |
| -- |
http://id.loc.gov/authorities/subjects/sh85043044. |
| 650 #0 - SUBJECT ADDED ENTRY--TOPICAL TERM |
| Topical term or geographic name as entry element |
Deserts. |
| -- |
http://id.loc.gov/authorities/subjects/sh85037166. |
| 650 #0 - SUBJECT ADDED ENTRY--TOPICAL TERM |
| Topical term or geographic name as entry element |
Mountains. |
| -- |
http://id.loc.gov/authorities/subjects/sh85087823. |
| 650 #0 - SUBJECT ADDED ENTRY--TOPICAL TERM |
| Topical term or geographic name as entry element |
Caves. |
| -- |
http://id.loc.gov/authorities/subjects/sh85021504. |
| 650 #0 - SUBJECT ADDED ENTRY--TOPICAL TERM |
| Topical term or geographic name as entry element |
Forests and forestry. |
| -- |
http://id.loc.gov/authorities/subjects/sh85050707. |
| 650 #0 - SUBJECT ADDED ENTRY--TOPICAL TERM |
| Topical term or geographic name as entry element |
Jungles. |
| -- |
http://id.loc.gov/authorities/subjects/sh89004560. |
| 650 #0 - SUBJECT ADDED ENTRY--TOPICAL TERM |
| Topical term or geographic name as entry element |
Ocean. |
| -- |
http://id.loc.gov/authorities/subjects/sh85093871. |
| 650 #0 - SUBJECT ADDED ENTRY--TOPICAL TERM |
| Topical term or geographic name as entry element |
Documentary television programs |
| -- |
http://id.loc.gov/authorities/subjects/sh85038729 |
| Geographic subdivision |
Great Britain. |
| -- |
http://id.loc.gov/authorities/names/n79023147. |
| 9 (RLIN) |
6413365 |
| 651 #0 - SUBJECT ADDED ENTRY--GEOGRAPHIC NAME |
| Geographic name |
Earth (Planet) |
| -- |
http://id.loc.gov/authorities/subjects/sh85040427. |
| 651 #0 - SUBJECT ADDED ENTRY--GEOGRAPHIC NAME |
| Geographic name |
Cold regions. |
| -- |
http://id.loc.gov/authorities/subjects/sh85027923. |
| 9 (RLIN) |
81659 |
| 651 #0 - SUBJECT ADDED ENTRY--GEOGRAPHIC NAME |
| Geographic name |
Tropics. |
| -- |
http://id.loc.gov/authorities/subjects/sh85138064. |
| 9 (RLIN) |
92962 |
| 651 #0 - SUBJECT ADDED ENTRY--GEOGRAPHIC NAME |
| Geographic name |
Northern Hemisphere. |
| -- |
http://id.loc.gov/authorities/subjects/sh86007205. |
| 9 (RLIN) |
5724849 |
| 651 #0 - SUBJECT ADDED ENTRY--GEOGRAPHIC NAME |
| Geographic name |
Southern Hemisphere. |
| -- |
http://id.loc.gov/authorities/subjects/sh86007206. |
| 9 (RLIN) |
5724850 |
| 651 #0 - SUBJECT ADDED ENTRY--GEOGRAPHIC NAME |
| Geographic name |
Eastern Hemisphere. |
| -- |
http://id.loc.gov/authorities/subjects/sh85040608. |
| 9 (RLIN) |
5724848 |
| 651 #0 - SUBJECT ADDED ENTRY--GEOGRAPHIC NAME |
| Geographic name |
Western Hemisphere. |
| -- |
http://id.loc.gov/authorities/subjects/sh86007207. |
| 9 (RLIN) |
5724851 |
| 655 #7 - INDEX TERM--GENRE/FORM |
| Genre/form data or focus term |
Documentary films. |
| Source of term |
lcgft. |
| 700 1# - ADDED ENTRY--PERSONAL NAME |
| Personal name |
Attenborough, David, |
| Titles and other words associated with a name |
Sir, |
| Dates associated with a name |
1926- |
| -- |
http://id.loc.gov/authorities/names/n79142715. |
| 9 (RLIN) |
6413366 |
| 949 ## - LOCAL PROCESSING INFORMATION (OCLC) |
| n |
www.MicroMarketing.org 800-229-9887 |